[Event "HUN-chT2 Maroczy 1112"]
[Site "Hungary"]
[Date "2012.03.25"]
[Round "8"]
[White "Suto, Gabor"]
[Black "Agh, Miklos"]
[Result "1-0"]
[WhiteElo "2184"]
[BlackElo "2136"]
[PlyCount "61"]
[EventDate "2011.09.25"]
[EventType "team-tourn"]
[EventRounds "11"]
[EventCountry "HUN"]
[SourceTitle "EXT 2013"]
[Source "ChessBase"]
[SourceDate "2012.11.22"]
[SourceVersion "1"]
[SourceVersionDate "2012.11.22"]
[SourceQuality "1"]
[WhiteTeam "Fuezesabony"]
[BlackTeam "Taban Spartacus"]
[WhiteTeamCountry "HUN"]
[BlackTeamCountry "HUN"]

1. d4 d5 2. c4 e6 3. Nc3 f5 4. Bf4 c6 5. e3 Nf6 6. Bd3 Bd6 7. Nge2 0-0 8. Qc2 Qe7 9. 0-0 Ne4 10. f3 Nxc3 11. Qxc3 Nd7 12. Bxd6 Qxd6 13. e4 dxc4 14. Qxc4 Kh8 15. Rad1 e5 16. exf5 Nb6 17. dxe5 Qxe5 18. Qd4 Qc7 19. g4 Bd7 20. Be4 Rad8 21. Qc3 Na4 22. Qb4 b5 23. b3 c5 24. Qa3 Nb6 25. Qb2 c4 26. Kg2 Rc8 27. Rc1 Bc6 28. Bxc6 Qxc6 29. Nd4 Qh6 30. Ne6 Rfe8 31. g5 1-0

[Event "HUN-chT2 Maroczy 1112"]
[Site "Hungary"]
[Date "2011.11.12"]
[Round "4"]
[White "Gyori, Szabolcs"]
[Black "Agh, Miklos"]
[Result "1-0"]
[WhiteElo "2167"]
[BlackElo "2136"]
[PlyCount "65"]
[EventDate "2011.09.25"]
[EventType "team-tourn"]
[EventRounds "11"]
[EventCountry "HUN"]
[SourceTitle "EXT 2013"]
[Source "ChessBase"]
[SourceDate "2012.11.22"]
[SourceVersion "1"]
[SourceVersionDate "2012.11.22"]
[SourceQuality "1"]
[WhiteTeam "Oroshaza"]
[BlackTeam "Taban Spartacus"]
[WhiteTeamCountry "HUN"]
[BlackTeamCountry "HUN"]

1. Nf3 d5 2. g3 c6 3. Bg2 Bf5 4. 0-0 Nf6 5. d3 h6 6. Nbd2 e6 7. Qe1 Be7 8. e4 Bh7 9. b3 0-0 10. Bb2 a5 11. a4 Na6 12. Qe2 Nb4 13. e5 Nd7 14. Ne1 c5 15. f4 Rc8 16. c3 Nc6 17. Nc2 Rb8 18. Na3 Na7 19. g4 b5 20. axb5 Nxb5 21. Nxb5 Rxb5 22. c4 dxc4 23. dxc4 Rb8 24. Bc3 Nb6 25. Ne4 Bxe4 26. Qxe4 a4 27. bxa4 Qe8 28. a5 Na4 29. Be1 f5 30. gxf5 Rxf5 31. Qc2 Rb2 32. Qxa4 Qg6 33. Qc6 1-0

[Event "HUN-chT 1011"]
[Site "Hungary"]
[Date "2011.04.17"]
[Round "9"]
[White "Agh, Miklos"]
[Black "Mate, Laszlo"]
[Result "0-1"]
[WhiteElo "2146"]
[BlackElo "2363"]
[PlyCount "50"]
[EventDate "2010.10.10"]
[EventType "team-tourn"]
[EventRounds "11"]
[EventCountry "HUN"]
[SourceTitle "EXT 2012"]
[Source "ChessBase"]
[SourceDate "2011.11.24"]
[SourceVersion "1"]
[SourceVersionDate "2011.11.24"]
[SourceQuality "1"]
[WhiteTeam "Taban Spartacus"]
[BlackTeam "Kazincbarcika"]
[WhiteTeamCountry "HUN"]
[BlackTeamCountry "HUN"]

1. d4 Nf6 2. Nf3 g6 3. Bf4 Bg7 4. e3 c5 5. c3 b6 6. Nbd2 Bb7 7. Be2 0-0 8. 0-0 d5 9. Ne5 Nfd7 10. Nxd7 Nxd7 11. Qb3 e5 12. dxe5 Nxe5 13. Nf3 Nd7 14. Rfd1 Re8 15. Bb5 Qe7 16. Qa4 Red8 17. Bc7 Rdc8 18. Bxd7 Rxc7 19. Bh3 d4 20. cxd4 Bxf3 21. gxf3 cxd4 22. exd4 Qh4 23. Bg2 Rd8 24. Re1 Bxd4 25. Re8+ Kg7 0-1

[Event "HUN-chT 1011"]
[Site "Hungary"]
[Date "2011.01.30"]
[Round "5"]
[White "Csonka, Attila Istvan"]
[Black "Agh, Miklos"]
[Result "1-0"]
[WhiteElo "2378"]
[BlackElo "2146"]
[PlyCount "125"]
[EventDate "2010.10.10"]
[EventType "team-tourn"]
[EventRounds "11"]
[EventCountry "HUN"]
[SourceTitle "EXT 2012"]
[Source "ChessBase"]
[SourceDate "2011.11.24"]
[SourceVersion "1"]
[SourceVersionDate "2011.11.24"]
[SourceQuality "1"]
[WhiteTeam "Haladas"]
[BlackTeam "Taban Spartacus"]
[WhiteTeamCountry "HUN"]
[BlackTeamCountry "HUN"]

1. e4 c6 2. d4 d5 3. e5 Bf5 4. Nd2 e6 5. Nb3 Nd7 6. h4 h6 7. g4 Bg6 8. Be3 Rc8 9. h5 Be4 10. f3 Bh7 11. Nh3 a6 12. Nf4 c5 13. c3 cxd4 14. Bxd4 Ne7 15. Bd3 Bxd3 16. Qxd3 Qc7 17. 0-0-0 Nxe5 18. Bxe5 Qxe5 19. Qd2 Nc6 20. Rhe1 Qg5 21. Re3 Be7 22. Nh3 Qf6 23. f4 0-0 24. Qg2 g5 25. hxg6 Qxg6 26. Qe2 d4 27. f5 Qg7 28. Rf3 dxc3 29. bxc3 Ne5 30. Rg3 Bh4 31. Re3 Nc4 32. Rf3 Ne5 33. Re3 Nxg4 34. Nd4 exf5 35. Rf3 Rfe8 36. Qd2 Bg5 37. Nxg5 Qxg5 38. Qxg5+ hxg5 39. Nxf5 Re6 40. Rg1 Rc4 41. Rfg3 Ne5 42. Rxg5+ Ng6 43. R1g3 Rf4 44. Rd3 Rf1+ 45. Kb2 Rh1 46. Rd8+ Kh7 47. Rd7 Rf6 48. Rxb7 Rh2+ 49. Kb3 Rh1 50. Kc4 Ne5+ 51. Kd5 Ng6 52. Kc5 Rh3 53. c4 Rh2 54. a4 Nf8 55. Rg7+ Kh8 56. Rgxf7 Rxf7 57. Rxf7 Kg8 58. Rg7+ Kh8 59. Rg4 Nd7+ 60. Kd6 Rd2+ 61. Ke6 a5 62. Nd6 Nf8+ 63. Ke7 1-0

[Event "HUN-chT2 Erkel 0607"]
[Site "Hungary"]
[Date "2006.11.26"]
[Round "2"]
[White "Agh, Miklos"]
[Black "Toth, Mate Jozsef"]
[Result "0-1"]
[WhiteElo "2176"]
[BlackElo "2083"]
[PlyCount "42"]
[EventDate "2006.11.12"]
[EventType "team"]
[EventRounds "11"]
[EventCountry "HUN"]
[SourceTitle "EXT 2008"]
[Source "ChessBase"]
[SourceDate "2007.11.25"]
[SourceVersion "1"]
[SourceVersionDate "2007.11.25"]
[SourceQuality "1"]
[WhiteTeam "Hobagoly"]
[BlackTeam "Godollo"]
[WhiteTeamCountry "HUN"]
[BlackTeamCountry "HUN"]

1. Nf3 c5 2. c4 Nc6 3. g3 g6 4. Bg2 Bg7 5. 0-0 Nf6 6. Nc3 0-0 7. d4 cxd4 8. Nxd4 Nxd4 9. Qxd4 d6 10. Rd1 a6 11. Qh4 Qc7 12. Bg5 Be6 13. b3 Rab8 14. Rac1 Qa5 15. Bh6 b5 16. Bxg7 Kxg7 17. cxb5 axb5 18. b4 Qa3 19. Rc2 Rfc8 20. Rdc1 Rc4 21. Qg5 Qxb4 0-1

[Event "HUN-chT 0506"]
[Site "Hungary"]
[Date "2005.11.27"]
[Round "4"]
[White "Kiss, Gergely"]
[Black "Agh, Miklos"]
[Result "1/2-1/2"]
[WhiteElo "2313"]
[BlackElo "2176"]
[PlyCount "52"]
[EventDate "2005.10.16"]
[EventType "team"]
[EventRounds "11"]
[EventCountry "HUN"]
[SourceTitle "EXT 2007"]
[Source "ChessBase"]
[SourceDate "2006.11.23"]
[SourceVersion "1"]
[SourceVersionDate "2006.11.23"]
[SourceQuality "1"]

1. e4 c6 2. d4 d5 3. exd5 cxd5 4. Bd3 Nc6 5. c3 Nf6 6. Bf4 Bg4 7. Ne2 e6 8. 0-0 Bd6 9. Bg5 Qc7 10. h3 Bh5 11. Nd2 h6 12. Be3 e5 13. dxe5 Nxe5 14. Bb5+ Nc6 15. Qa4 0-0 16. Nf4 a6 17. Nxh5 Nxh5 18. Be2 Nf4 19. Bxf4 Bxf4 20. Nf3 Rfe8 21. Rfe1 Re4 22. Qc2 Rae8 23. Bd3 Rxe1+ 24. Rxe1 Rxe1+ 25. Nxe1 Qe7 26. Qe2 Qxe2 1/2-1/2

[Event "HUN-chT 0506"]
[Site "Hungary"]
[Date "2005.11.13"]
[Round "3"]
[White "Mihalik, Agoston"]
[Black "Agh, Miklos"]
[Result "1/2-1/2"]
[WhiteElo "2188"]
[BlackElo "2176"]
[PlyCount "86"]
[EventDate "2005.10.16"]
[EventType "team"]
[EventRounds "11"]
[EventCountry "HUN"]
[SourceTitle "EXT 2007"]
[Source "ChessBase"]
[SourceDate "2006.11.23"]
[SourceVersion "1"]
[SourceVersionDate "2006.11.23"]
[SourceQuality "1"]

1. e4 c6 2. d4 d5 3. Nd2 dxe4 4. Nxe4 Nd7 5. Nf3 Ngf6 6. Ned2 e6 7. g3 b6 8. Bg2 Bb7 9. 0-0 Be7 10. Re1 0-0 11. Nc4 b5 12. Nce5 c5 13. Bg5 Rc8 14. c3 cxd4 15. Nxd4 Bxg2 16. Kxg2 Nxe5 17. Rxe5 b4 18. Qf3 bxc3 19. bxc3 Nd5 20. Bxe7 Nxe7 21. Rc1 Rc4 22. Qb7 Qd6 23. Ra5 e5 24. Qb5 Rfc8 25. Qxe5 Qxe5 26. Rxe5 Kf8 27. Nb5 R4c5 28. Rxc5 Rxc5 29. c4 Nc6 30. f4 a6 31. Nd6 Ra5 32. Kf3 Rxa2 33. Ke4 Re2+ 34. Kd5 Nb4+ 35. Kd4 Rd2+ 36. Kc3 Rxd6 37. Kxb4 Ke7 38. c5 Rd2 39. Ka5 Kd7 40. c6+ Kc7 41. Kxa6 Rxh2 42. Kb5 Rh5+ 43. Rc5 Rh1 1/2-1/2

[Event "HUN-chT2 Erkel 0304"]
[Site "Hungary"]
[Date "2004.01.25"]
[Round "6"]
[White "Firlbeck, Hubert"]
[Black "Agh, Miklos"]
[Result "1-0"]
[WhiteElo "2191"]
[BlackElo "2199"]
[PlyCount "38"]
[EventDate "2003.09.28"]
[EventType "team"]
[EventRounds "11"]
[EventCountry "HUN"]
[SourceTitle "EXT 2009"]
[Source "ChessBase"]
[SourceDate "2008.11.26"]
[SourceVersion "1"]
[SourceVersionDate "2008.11.26"]
[SourceQuality "1"]
[WhiteTeam "Godollo"]
[BlackTeam "Lang"]
[WhiteTeamCountry "HUN"]
[BlackTeamCountry "HUN"]

1. e4 c6 2. d4 d5 3. e5 Bf5 4. Nf3 e6 5. Be2 c5 6. Be3 Qb6 7. Nc3 Nc6 8. 0-0 c4 9. b3 Qa5 10. Bd2 Bb4 11. Qe1 b5 12. a3 Bxc3 13. Bxc3 Qc7 14. a4 bxa4 15. bxa4 Nge7 16. Qd2 0-0 17. a5 f6 18. exf6 Rxf6 19. Ra4 Raf8 1-0

[Event "HUN-chT2 Erkel 0304"]
[Site "Hungary"]
[Date "2003.09.28"]
[Round "1"]
[White "Agh, Miklos"]
[Black "Gal, Peter"]
[Result "1/2-1/2"]
[WhiteElo "2199"]
[BlackElo "2072"]
[PlyCount "109"]
[EventDate "2003.09.28"]
[EventType "team"]
[EventRounds "11"]
[EventCountry "HUN"]
[SourceTitle "EXT 2009"]
[Source "ChessBase"]
[SourceDate "2008.11.26"]
[SourceVersion "1"]
[SourceVersionDate "2008.11.26"]
[SourceQuality "1"]
[WhiteTeam "Lang"]
[BlackTeam "Fuzesabony"]
[WhiteTeamCountry "HUN"]
[BlackTeamCountry "HUN"]

1. d4 g6 2. Nf3 Bg7 3. Bf4 d5 4. e3 Nf6 5. c4 c6 6. Nc3 a6 7. Bd3 0-0 8. h3 b5 9. cxd5 cxd5 10. 0-0 Nc6 11. Qe2 Bb7 12. Rfc1 Rc8 13. Ne5 e6 14. Nxc6 Rxc6 15. b4 Qe7 16. Qb2 Rfc8 17. a4 bxa4 18. b5 axb5 19. Bxb5 a3 20. Qb3 Rxc3 21. Rxc3 Rxc3 22. Qxc3 Bf8 23. Bg5 h6 24. Bxf6 Qxf6 25. Qc7 Qe7 26. Qxe7 Bxe7 27. Kf1 f6 28. Ke2 e5 29. Kd3 Bc8 30. Kc3 Kf7 31. Kb3 h5 32. Rc1 Bf5 33. Rc7 g5 34. Bc6 Be6 35. e4 Kf8 36. exd5 Bf5 37. dxe5 fxe5 38. f3 g4 39. hxg4 hxg4 40. Bd7 gxf3 41. gxf3 Bd3 42. Bg4 Be2 43. Rd7 Bb5 44. Ra7 Be2 45. Rd7 Bb5 46. Ra7 Be2 47. Ra5 Kf7 48. Bh5+ Kg7 49. Ra8 Bd1+ 50. Ka2 Be2 51. Kb3 Bd1+ 52. Kc3 e4 53. Ra7 Kf8 54. Rxe7 Kxe7 55. fxe4 1/2-1/2

[Event "HUN-chT2 Breyer 0203"]
[Site "Hungary"]
[Date "2003.03.23"]
[Round "9"]
[White "Agh, Miklos"]
[Black "Leidl, Istvan Jr"]
[Result "1-0"]
[WhiteElo "2193"]
[BlackElo "2065"]
[PlyCount "65"]
[EventDate "2002.09.22"]
[EventType "team"]
[EventRounds "11"]
[EventCountry "HUN"]
[SourceTitle "EXT 2009"]
[Source "ChessBase"]
[SourceDate "2008.11.26"]
[SourceVersion "1"]
[SourceVersionDate "2008.11.26"]
[SourceQuality "1"]

1. d4 Nf6 2. Nf3 d5 3. e3 e6 4. Bd3 c5 5. b3 Be7 6. 0-0 0-0 7. Nbd2 Nc6 8. a3 Qc7 9. Bb2 b6 10. Qe2 Bb7 11. Ne5 Rad8 12. f4 Ne4 13. Nxe4 dxe4 14. Bxe4 Nxe5 15. Bxb7 Ng6 16. Be4 f5 17. Bd3 Bf6 18. c3 Ne7 19. Rac1 g6 20. Kh1 Qd7 21. Rfd1 Qd6 22. Bc4 Nd5 23. Bd3 Ne7 24. dxc5 Qxc5 25. b4 Qc7 26. c4 e5 27. c5 exf4 28. cxb6 Qxb6 29. Bc4+ Kg7 30. exf4 Qc7 31. Re1 Bxb2 32. Qxb2+ Rf6 33. Bb3 1-0

[Event "HUN-chT2 0102"]
[Site "Hungary"]
[Date "2002.04.21"]
[Round "11"]
[White "Nagy, Lajos"]
[Black "Agh, Miklos"]
[Result "0-1"]
[WhiteElo "1994"]
[BlackElo "2240"]
[PlyCount "90"]
[EventDate "2001.??.??"]
[EventType "team"]
[EventRounds "11"]
[EventCountry "HUN"]
[SourceTitle "EXT 2004"]
[Source "ChessBase"]
[SourceDate "2003.11.25"]
[SourceVersion "1"]
[SourceVersionDate "2003.11.25"]
[SourceQuality "1"]

1. e4 c6 2. d4 d5 3. Nc3 dxe4 4. Nxe4 Nd7 5. Ng5 Ngf6 6. Bd3 e6 7. N1f3 Bd6 8. Qe2 0-0 9. Nxe6 Bb4+ 10. c3 fxe6 11. cxb4 Nb6 12. 0-0 Nbd5 13. a3 Bd7 14. Re1 Qb6 15. Be3 Be8 16. Ne5 Rd8 17. Rad1 Bh5 18. g4 Be8 19. Rd2 Qc7 20. Rc1 Qe7 21. Bg5 h6 22. Be3 Nd7 23. h3 Qf6 24. Re1 Nxe5 25. dxe5 Qh4 26. Kh2 Nxe3 27. Qxe3 Bg6 28. Ree2 Bxd3 29. Rxd3 Rxd3 30. Qxd3 Rxf2+ 31. Rxf2 Qxf2+ 32. Kh1 Qe1+ 33. Kg2 Qxe5 34. b3 Qd5+ 35. Qxd5 exd5 36. Kf3 Kf7 37. Ke3 Ke6 38. Kd4 Kd6 39. h4 b6 40. a4 c5+ 41. bxc5+ bxc5+ 42. Kc3 a5 43. Kd3 Ke6 44. Ke2 Ke5 45. Kf3 g5 0-1

[Event "HUN-chT2 0102"]
[Site "Hungary"]
[Date "2002.03.24"]
[Round "9"]
[White "Agh, Miklos"]
[Black "Horvath, Tamas3333"]
[Result "1/2-1/2"]
[WhiteElo "2240"]
[BlackElo "2068"]
[PlyCount "47"]
[EventDate "2001.??.??"]
[EventType "team"]
[EventRounds "11"]
[EventCountry "HUN"]
[SourceTitle "EXT 2004"]
[Source "ChessBase"]
[SourceDate "2003.11.25"]
[SourceVersion "1"]
[SourceVersionDate "2003.11.25"]
[SourceQuality "1"]

1. d4 Nf6 2. Nf3 e6 3. e3 d5 4. Bd3 Be7 5. Nbd2 c5 6. b3 Nbd7 7. Bb2 cxd4 8. exd4 b6 9. 0-0 Bb7 10. Qe2 0-0 11. Ne5 Rc8 12. f4 g6 13. g4 Qc7 14. Rac1 Bb4 15. c3 Bd6 16. Rce1 Rce8 17. Qg2 Kg7 18. Re3 Ng8 19. Rh3 f6 20. Nxd7 Qxd7 21. Re3 e5 22. fxe5 fxe5 23. Rxf8 Rxf8 24. c4 1/2-1/2

[Event "HUN-chT2 0102"]
[Site "Hungary"]
[Date "2002.03.03"]
[Round "8"]
[White "Bodnar, Zoltan"]
[Black "Agh, Miklos"]
[Result "1/2-1/2"]
[WhiteElo "2214"]
[BlackElo "2240"]
[PlyCount "33"]
[EventDate "2001.??.??"]
[EventType "team"]
[EventRounds "11"]
[EventCountry "HUN"]
[SourceTitle "EXT 2004"]
[Source "ChessBase"]
[SourceDate "2003.11.25"]
[SourceVersion "1"]
[SourceVersionDate "2003.11.25"]
[SourceQuality "1"]

1. d4 d5 2. c4 e6 3. Nc3 c6 4. cxd5 exd5 5. Qc2 Nf6 6. Bg5 Bd6 7. e3 Bg4 8. Bd3 Nbd7 9. f3 Bh5 10. 0-0-0 Qa5 11. Bh4 0-0 12. Be1 Qc7 13. h4 b5 14. Bf5 b4 15. Nce2 Rfe8 16. Bf2 Qa5 17. Kb1 1/2-1/2

[Event "Budapest FS02 FM-B"]
[Site "Budapest"]
[Date "2002.02.10"]
[Round "9"]
[White "Agh, Miklos"]
[Black "Fodor, Istvan"]
[Result "1/2-1/2"]
[WhiteElo "2240"]
[BlackElo "2082"]
[PlyCount "25"]
[EventDate "2002.02.02"]
[EventType "tourn"]
[EventRounds "10"]
[EventCountry "HUN"]
[SourceTitle "CBM 086 Extra"]
[Source "ChessBase"]
[SourceDate "2002.03.14"]
[SourceVersion "1"]
[SourceVersionDate "2002.03.14"]
[SourceQuality "1"]

1. e4 e5 2. Nf3 Nc6 3. Bb5 a6 4. Ba4 Nf6 5. 0-0 Be7 6. Re1 b5 7. Bb3 0-0 8. d3 Re8 9. Ng5 Rf8 10. Nf3 Re8 11. Ng5 Rf8 12. Nf3 Re8 13. Ng5 1/2-1/2

[Event "Budapest FS02 FM-B"]
[Site "Budapest"]
[Date "2002.02.06"]
[Round "5"]
[White "Agh, Miklos"]
[Black "Dombai, Istvan"]
[Result "1-0"]
[WhiteElo "2240"]
[BlackElo "2214"]
[PlyCount "67"]
[EventDate "2002.02.02"]
[EventType "tourn"]
[EventRounds "10"]
[EventCountry "HUN"]
[SourceTitle "CBM 086 Extra"]
[Source "ChessBase"]
[SourceDate "2002.03.14"]
[SourceVersion "1"]
[SourceVersionDate "2002.03.14"]
[SourceQuality "1"]

1. d4 Nf6 2. Nf3 g6 3. Bf4 Bg7 4. e3 0-0 5. h3 d6 6. c3 Nbd7 7. Be2 Qe8 8. 0-0 e5 9. Bh2 b6 10. a4 a5 11. Na3 Qe7 12. Nc4 e4 13. Nfd2 Bb7 14. Qc2 Rae8 15. b4 axb4 16. cxb4 Nd5 17. Rfb1 f5 18. a5 b5 19. a6 bxc4 20. axb7 c3 21. Bc4 Qf7 22. Bxd5 Qxd5 23. Qxc3 Qxb7 24. b5 Ra8 25. Qc4+ Kh8 26. Rxa8 Rxa8 27. Rc1 Ra7 28. Qf7 Nf8 29. Nc4 Qa8 30. Nd2 Qb7 31. Bg3 Qb8 32. Nc4 c5 33. Nxd6 cxd4 34. Qd5 1-0

[Event "Budapest FS02 FM-B"]
[Site "Budapest"]
[Date "2002.02.04"]
[Round "3"]
[White "Agh, Miklos"]
[Black "Vass, Viktor"]
[Result "0-1"]
[WhiteElo "2240"]
[BlackElo "2182"]
[PlyCount "102"]
[EventDate "2002.02.02"]
[EventType "tourn"]
[EventRounds "10"]
[EventCountry "HUN"]
[SourceTitle "CBM 086 Extra"]
[Source "ChessBase"]
[SourceDate "2002.03.14"]
[SourceVersion "1"]
[SourceVersionDate "2002.03.14"]
[SourceQuality "1"]

1. d4 d5 2. Nf3 Nf6 3. e3 g6 4. b3 Bg7 5. Bb2 0-0 6. Be2 Nbd7 7. 0-0 Ne4 8. c4 c6 9. cxd5 cxd5 10. Nc3 Ndf6 11. Ne5 Bf5 12. Rc1 Rc8 13. Bf3 Qa5 14. Bxe4 Nxe4 15. Nxe4 dxe4 16. Nc4 Qd5 17. a4 Rfd8 18. Qe2 b5 19. axb5 Qxb5 20. Qc2 Rb8 21. Ba3 Rd7 22. Rb1 Rdb7 23. Rfc1 h5 24. Qd2 Qa6 25. h3 Bf6 26. Na5 Rb5 27. b4 Qe6 28. Nc6 Ra8 29. Qe2 a6 30. Rc2 Rc8 31. Rbc1 Kg7 32. Ne5 Rxc2 33. Rxc2 Qb3 34. Ra2 Be6 35. Ra1 Qc3 36. Qe1 Qb3 37. Qd1 Qd5 38. Qc2 Kh7 39. Nc6 Qg5 40. Kh2 Rf5 41. Nd8 Bd5 42. Rf1 e5 43. Nc6 exd4 44. Nxd4 Be5+ 45. Kh1 Rf6 46. b5 Qxe3 47. Nc6 Bxc6 48. bxc6 Qf4 49. g3 Qf3+ 50. Kh2 Bxg3+ 51. fxg3 Qxf1 0-1

[Event "HUN-chT2 0102"]
[Site "Hungary"]
[Date "2001.09.30"]
[Round "1"]
[White "Neber, Zsolt"]
[Black "Agh, Miklos"]
[Result "1/2-1/2"]
[WhiteElo "2082"]
[BlackElo "2240"]
[PlyCount "47"]
[EventDate "2001.??.??"]
[EventType "team"]
[EventRounds "11"]
[EventCountry "HUN"]
[SourceTitle "EXT 2004"]
[Source "ChessBase"]
[SourceDate "2003.11.25"]
[SourceVersion "1"]
[SourceVersionDate "2003.11.25"]
[SourceQuality "1"]

1. e4 c6 2. d4 d5 3. exd5 cxd5 4. Bd3 Nf6 5. Bf4 Bg4 6. Nf3 e6 7. Nbd2 Bd6 8. Bxd6 Qxd6 9. 0-0 Nc6 10. c3 0-0 11. Re1 Rac8 12. Qb1 Bxf3 13. Nxf3 Qf4 14. Qc1 Qxc1 15. Raxc1 Rc7 16. Ne5 Rfc8 17. Nxc6 Rxc6 18. Re2 Ne8 19. Bb5 R6c7 20. Bxe8 Rxe8 21. Kf1 b5 22. Ke1 Kf8 23. Kd2 Ke7 24. Re3 1/2-1/2